| 000 | 02760nam a22002897i 4500 | ||
|---|---|---|---|
| 003 | URS | ||
| 003 | URS | ||
| 005 | 20240416181557.0 | ||
| 008 | 170701b xxu||||| |||| 00| 0 eng d | ||
| 040 |
_aURS _beng _erda |
||
| 041 | _aeng | ||
| 050 | 0 | 0 |
_aTJ230 _b.Im8 2015 |
| 245 |
_aImprovised pipe vise with multi-purpose table _cAlexander John C. Quirre... [et. al] |
||
| 260 | _c2015 | ||
| 300 |
_a55 leaves : _bcolour illustrations ; _c28 cm. |
||
| 336 |
_2rda content _atext |
||
| 337 |
_2rda media _aunmediated |
||
| 338 |
_2rda carrier _avolume |
||
| 502 | _bThesis (Bachelor of Technology major in Mechanical and Production Technology) -- University of Rizal System-Morong. | ||
| 520 | _aEXECUTIVE SUMMARY: The study aimed to develop an Improvised Pipe Vise with Multi-Purpose Table. Specifically, this attempted to determine the level of acceptability of the Improvised Movable Hydraulic Press in term of functionality, usefulness, safety and maintenance, and durability. This was conducted at the University of Rizal System, Morong Campus during the school year 2014-2015. The researchers adapted a modified questionnaire checklist as the main instrument and were validated to determine the level of acceptability of an Improvised Pipe Vise with Multi-Purpose Table. The respondents where purposely selected to give an objective evaluation of the output. They were composed of ten (10) students, the end-users and ten (10) faculty members who served as the experts. Based on the analysis of the study, the researchers were able to design a well detailed assembly drawing, pictorial drawing and exploded drawing and constructed an Improvised Movable Hydraulic Press machine out of locally available materials. Based from the result of the study, an Improvised Pipe Vise with Multi-Purpose Table found to be "very much accepted" in terms of functionality, usefulness, safety and maintenance, and durability as perceived by the experts and end-users. And based on the summary of findings, the study concluded that there is no significant difference on the level of acceptability of an Improvised movable hydraulic press in terms of functionality, usefulness, safety and maintenance and durability. Thus, the study recommended that, the machines should have V-block to align the pipe. The machine must have a bigger wheel to move it easily. And, financial assistance must be given to the researchers to fascinate the design and construction of the developed machine. | ||
| 650 | _aMachine design. | ||
| 700 | 1 |
_aAnibo, Joh Paul S. _eauthor |
|
| 700 | 1 |
_aTalavera, Angelo M. _eauthor |
|
| 700 | 1 |
_aTanjuatco, Lynard P. _eauthor |
|
| 856 |
_3Online Request for Student Unpublished Works _uhttps://forms.gle/7LqvGGkaDrUQqz429 |
||
| 942 |
_2lcc _cT |
||
| 999 |
_c74669 _d74668 |
||